Sanat - "Bussilaulu" - Statistics

Yleistilastot
  • Tätä visaa on pelattu 11 kertaa
  • Keskiarvotulos 63 / 120
Vastaustilastot
Vastaus % Oikein
ja
100%
koko
67%
ne
67%
päivän
67%
Pyörät
67%
pyörät
67%
pyörivät
67%
Pyyhkijät
67%
pyyhkijät
67%
pyyhkivät
67%
se
67%
viuh
67%
ympäri
67%
ajella
50%
hytkytti
50%
tööt
50%
töötötti
50%
Torvi
50%
torvi
50%
Kuski
33%
kuski
33%
Lapset
33%
lapset
33%
Matkustajat
33%
matkustajat
33%
pälä
17%
sanoi
17%
shh
17%
Ehtoja vastaavia visoja ei löytynyt
Tulosjakauma
Jokaisen tuloksen saaneiden osuus
Persentiili vastausten määrän mukaan
Tuloshistoriasi
Et ole pelannut tätä visaa